000 00551nam a2200205Ia 4500
005 20250326142920.0
008 250326s9999 xx 000 0 und d
020 _a0-03-031513-1
037 _aTextbook
040 _aFMSL
_beng
_cFMSL
041 _aeng
_2eng
084 _aX:8D P2
_qFMSL
100 _aManess T S
_9735345
245 0 _aShort-term ficial management
_cManess T S; Zietlow J T
250 _a2
260 _aUSA
_bUSA, Thomson Learning
_c2002
300 _axix,648
942 _cTB
_hX:8D P2
999 _c1297248
_d1297248